000 01267cam a22002891 4500
001 l 26000206
003 DLC
005 20260227111530.0
008 910813s1926 dcua 000 0 eng c
010 _al 26000206
035 _a(OCoLC)24225437
040 _aU.S. Dept. of Labor
_cCLU
_dCLU
_dDLC
042 _apremarc
050 0 0 _aHD8051
_b.A5 no. 409
051 _cAnother issue.
100 1 _aCroxton, Frederick Emory,
_d1899-1991.
245 1 0 _aUnemployment in Columbus, Ohio, 1921 to 1925,
_cby Frederick E. Croxton ... June, 1926.
260 _aWashington,
_bGovt. Print. Off.,
_c1926.
300 _aiii, 35 p. incl. tables.
_c23 cm.
490 1 _aBulletin of the United States Bureau of Labor Statistics,
_vno. 409
_aEmployment and unemployment series
500 _aAt head of title: U.S. Department of Labor. James J. Davis, secretary. Bureau of Labor Statistics. Ethelbert Stewart, commissioner.
500 _aPublished also as thesis (PH. D.) Columbia University, 1926.
500 _aIssued also as House doc. 131, 69th Cong., 1st sess.
650 0 _aUnemployed
_zOhio
_zColumbus.
710 1 _aUnited States.
_bBureau of Labor Statistics.
810 1 _aUnited States.
_bBureau of Labor Statistics.
_tBulletin.
_pEmployment and unemployment series.
999 _c35819
_d35819